Statistics for Portuguese Words That Start With A

Click here to take the quiz!

General Stats

  • This quiz has been taken 47 times
  • The average score is 32 of 56

Answer Stats

Hint Answer % Correct
friendamigo
100%
toa
100%
loveamor
95%
airar
92%
animalanimal
92%
waterágua
89%
grandfatheravô
89%
to learnaprender
87%
Africanafricano
87%
nowagora
87%
blueazul
87%
Augustagosto
84%
untilaté
82%
spideraranha
79%
areaárea
76%
beforeantes
74%
alphabetalfabeto
74%
athleteatleta
71%
annualanual
68%
ringanel
68%
sandareia
68%
ambulanceambulância
68%
angelanjo
66%
antennaantena
66%
weaponarma
66%
behindatrás
66%
agonyagonia
63%
astrologyastrologia
63%
rainbowarco-íris
63%
autopsyautópsia
58%
tunaatum
55%
to addagregar
55%
asteriskasterisco
53%
in loveapaixonado
50%
to terrorizeaterrorizar
47%
oataveia
47%
to frightenassustar
45%
to burparrotar
42%
gratefulagradecido
42%
avocadoabacate
42%
to threatenameaçar
39%
to whistleassoviar
39%
to drownafogar
34%
archaeologistarqueólogo
34%
absentausente
34%
busharbusto
32%
sampleamostra
26%
to pleaseagradar
26%
bottle openerabridor
26%
to burnarder
26%
clayargila
24%
hookanzol
16%
haloauréola
13%
to buckleafivelar
11%
dawnaurora
11%
harnessarreio
8%

Score Distribution

Percentile by Number Answered

Percent of People with Each Score

Your Score History

You have not taken this quiz